000 00516nam a2200181Ia 4500
001 21012
005 20260306172848.0
008 260306t2007||||xx |||||||||||||| ||spa||
041 _aESP
082 _a343.91
_bJ92 2007
100 _aTello Gilardi, Janet
_eAUT
245 0 _aJurisprudencia sobre la protección del derecho a la salud en cuatro países andinos y en el sistema interamericano
260 _c2007
300 _a275 páginas :
_ccm.
650 _aGEN
654 _aCDE
942 _cLIB
_dJUS
_fJUS
_2ddc
_n
999 _c21012
_d21012